000 00320nam a2200109Ia 4500
008 171211s9999 xx 000 0 und d
245 _aSicherheit Von Webanwendungen In Der Praxis
245 _cMatthias Rohr
260 _c2015
650 _xWeb Development
856 _uhttp://down.ebook777.com/006/SicVonWebInDerPra.pdf
999 _c350119
_d350119